00981cam a22003374i 4500003000900000005001700009008004100026035001900067040003300086082002100119100003900140245006600179246003900245264004600284300003800330336002100368337002500389338002300414505011000437526001000547526001000557526001000567526001000577526000800587526000800595526000800603526000800611526000800619526000800627526000800635PE-LiUPU20250731173200.0150623s1992 sp r 000 0 spa d a(Sirsi) a29955 aPE-LiUPUbspacPE-LiUPUerda04a200.004bT732211 aTorres Queiruga, Andrés,eautor.10a10 Palabras claves en Religión /cAndrés Torres Queiruga.3 aDiez Palabras claves en Religión 1aNavarra :bEditorial Verbo Divino,c1992. a365 páginas ;c22 centímetros atext2rdacontent aunmediated2rdamedia avolume2rdacarrier0 aDios -- Sagrado -- Creacion -- Salvacion -- Mal -- Revelacion -- Fe -- Biblia -- Cristianismo -- Iglesia. aSEG42 aSEG41 aSEG40 aSEG39 aP94 aP87 aP86 aP85 aP77 aP76 aP35